[Event "FIN-chT2 Gp2 1718"]
[Site "Finland"]
[Date "2017.10.22"]
[Round "3.5"]
[White "Aalto, Patrik"]
[Black "Turtiainen, Tauno"]
[Result "0-1"]
[WhiteElo "1867"]
[BlackElo "1974"]
[PlyCount "52"]
[EventDate "2017.09.16"]
[EventType "team-tourn"]
[EventRounds "7"]
[EventCountry "FIN"]
[SourceTitle "EXT 2020"]
[Source "ChessBase"]
[SourceDate "2019.10.17"]
[SourceVersion "1"]
[SourceVersionDate "2019.10.17"]
[SourceQuality "1"]
[WhiteTeam "Espoo MatSK III"]
[BlackTeam "Helsinki HSK II"]
[WhiteTeamCountry "FIN"]
[BlackTeamCountry "FIN"]

1. e4 c5 2. Nf3 d6 3. d4 cxd4 4. Nxd4 Nf6 5. Nc3 a6 6. Be3 e5 7. Nb3 Be7 8. f3 Be6 9. Qd2 0-0 10. 0-0-0 a5 11. Bb5 Na6 12. Kb1 Nc7 13. Bb6 Qb8 14. Nxa5 Nxb5 15. Nxb5 Ra6 16. Bf2 d5 17. exd5 Nxd5 18. Nb3 Rc8 19. a3 Qa8 20. Qe2 Rac6 21. Na1 b6 22. Qxe5 Bf6 23. Qe4 Rc4 24. Qe1 Qa4 25. Qd2 Qxb5 26. Qc1 Nc3# 0-1

[Event "FIN-chT1B 1617"]
[Site "Finland"]
[Date "2017.03.11"]
[Round "7.4"]
[White "Turtiainen, Tauno"]
[Black "Nokka, Risto"]
[Result "1-0"]
[WhiteElo "1958"]
[BlackElo "2248"]
[PlyCount "75"]
[EventDate "2016.09.17"]
[EventType "team-tourn"]
[EventRounds "7"]
[EventCountry "FIN"]
[SourceTitle "EXT 2019"]
[Source "ChessBase"]
[SourceDate "2018.10.10"]
[SourceVersion "1"]
[SourceVersionDate "2018.10.10"]
[SourceQuality "1"]
[WhiteTeam "Helsinki HSK II"]
[BlackTeam "Joensuu SK"]
[WhiteTeamCountry "FIN"]
[BlackTeamCountry "FIN"]

1. e4 c5 2. Nf3 e6 3. d4 cxd4 4. Nxd4 Nf6 5. Nc3 d6 6. Be2 a6 7. 0-0 Nbd7 8. f4 Qc7 9. Bf3 Be7 10. Kh1 Rb8 11. Qe2 g6 12. Re1 e5 13. fxe5 Nxe5 14. Bh6 Be6 15. Nd5 Bxd5 16. exd5 Nfd7 17. Bg4 Bf8 18. Bxd7+ Kxd7 19. Bxf8 Rhxf8 20. Nf3 Rbe8 21. Nxe5+ Rxe5 22. Qg4+ f5 23. Qa4+ Kc8 24. Rxe5 dxe5 25. Qb4 Rd8 26. c4 e4 27. Rd1 Qe5 28. d6 Rd7 29. c5 e3 30. Qc4 Kb8 31. b4 f4 32. b5 axb5 33. Qxb5 Rxd6 34. Rb1 Qe4 35. cxd6 e2 36. Re1 f3 37. d7 Qh4 38. Qe5+ 1-0

[Event "FIN-chT2 Gp1 1516"]
[Site "Finland"]
[Date "2015.11.07"]
[Round "4.2"]
[White "Olander, Aleksi"]
[Black "Turtiainen, Tauno"]
[Result "1-0"]
[WhiteElo "2076"]
[BlackElo "1990"]
[PlyCount "67"]
[EventDate "2015.09.12"]
[EventType "team-tourn"]
[EventRounds "6"]
[EventCountry "FIN"]
[SourceTitle "EXT 2017"]
[Source "ChessBase"]
[SourceDate "2016.10.25"]
[SourceVersion "1"]
[SourceVersionDate "2016.10.25"]
[SourceQuality "1"]
[WhiteTeam "Turku TuTS II"]
[BlackTeam "Helsinki HSK III"]
[WhiteTeamCountry "FIN"]
[BlackTeamCountry "FIN"]

1. d4 Nf6 2. c4 c5 3. d5 e5 4. Nc3 d6 5. e4 Be7 6. Bd3 0-0 7. Nge2 Ne8 8. 0-0 g6 9. Bh6 Ng7 10. Qd2 f5 11. f4 exf4 12. exf5 Bxf5 13. Bxg7 Kxg7 14. Bxf5 Rxf5 15. Nxf4 Bg5 16. Ne6+ Kg8 17. Qd3 Qe7 18. Rxf5 gxf5 19. Qxf5 Be3+ 20. Kh1 Nd7 21. Rf1 Bd4 22. Qg4+ Bg7 23. Nxg7 Qxg7 24. Qe6+ Kh8 25. Ne4 Rg8 26. Rg1 Ne5 27. Nxd6 Rf8 28. h3 Nd3 29. b3 Qg3 30. Ne4 Qe3 31. Kh2 Qf4+ 32. g3 Qe3 33. Rg2 Ne1 34. Qe5+ 1-0

[Event "FIN-chT1A 1516"]
[Site "Finland"]
[Date "2015.10.10"]
[Round "3.6"]
[White "Miskala, Juha"]
[Black "Turtiainen, Tauno"]
[Result "1/2-1/2"]
[WhiteElo "2035"]
[BlackElo "1990"]
[PlyCount "55"]
[EventDate "2015.09.12"]
[EventType "team-tourn"]
[EventRounds "8"]
[EventCountry "FIN"]
[SourceTitle "EXT 2017"]
[Source "ChessBase"]
[SourceDate "2016.10.25"]
[SourceVersion "1"]
[SourceVersionDate "2016.10.25"]
[SourceQuality "1"]
[WhiteTeam "Vaasa VSS"]
[BlackTeam "Helsinki HSK II"]
[WhiteTeamCountry "FIN"]
[BlackTeamCountry "FIN"]

1. d4 Nf6 2. Nf3 g6 3. e3 Bg7 4. Be2 0-0 5. 0-0 d6 6. c4 Na6 7. Nc3 c5 8. a3 Bf5 9. Bd3 Bxd3 10. Qxd3 d5 11. Rd1 e6 12. cxd5 exd5 13. Qb5 Qb6 14. dxc5 Nxc5 15. Bd2 Rac8 16. Qxb6 axb6 17. Nd4 Nfe4 18. Be1 Rfd8 19. f3 Bxd4 20. exd4 Nxc3 21. Bxc3 Na4 22. Rd3 Nxc3 23. Rxc3 Rxc3 24. bxc3 Rc8 25. Rb1 Rxc3 26. Rxb6 Rxa3 27. Rb5 Kf8 28. Rxd5 1/2-1/2

[Event "Helsinki We HSK 05 op"]
[Site "Helsinki"]
[Date "2015.05.22"]
[Round "1"]
[White "Sammalvuo, Tapani"]
[Black "Turtiainen, Tauno"]
[Result "1-0"]
[WhiteElo "2441"]
[BlackElo "1990"]
[PlyCount "61"]
[EventDate "2015.05.22"]
[EventType "swiss"]
[EventRounds "5"]
[EventCountry "FIN"]
[SourceTitle "EXT 2016"]
[Source "ChessBase"]
[SourceDate "2015.10.08"]
[SourceVersion "1"]
[SourceVersionDate "2015.10.08"]
[SourceQuality "1"]

1. d4 Nf6 2. c4 e6 3. Nc3 Bb4 4. e3 0-0 5. Bd3 d5 6. Nf3 c5 7. 0-0 Nc6 8. a3 Bxc3 9. bxc3 dxc4 10. Bxc4 Qc7 11. Bb2 e5 12. h3 b6 13. Ba2 Bf5 14. d5 Rad8 15. c4 Rfe8 16. Qe2 Nb8 17. Nh4 Bg6 18. f3 Qd6 19. Qf2 Nfd7 20. e4 h6 21. Qg3 Nf6 22. Nxg6 Nh5 23. Qh2 fxg6 24. h4 Nd7 25. g3 Rf8 26. Rae1 Rde8 27. Rf2 Rf7 28. Bb3 Ref8 29. Bd1 Nhf6 30. Qh3 Nh5 31. Qe6 1-0

[Event "Helsinki-ch 2015"]
[Site "Helsinki"]
[Date "2015.01.02"]
[Round "4.10"]
[White "Turtiainen, Tauno"]
[Black "Sjoman, Tapani"]
[Result "1-0"]
[WhiteElo "1966"]
[BlackElo "1973"]
[PlyCount "65"]
[EventDate "2014.12.29"]
[EventType "swiss"]
[EventRounds "7"]
[EventCountry "FIN"]
[SourceTitle "EXT 2022"]
[Source "ChessBase"]
[SourceDate "2021.10.06"]
[SourceVersion "1"]
[SourceVersionDate "2021.10.06"]
[SourceQuality "1"]

1. e4 d5 2. exd5 Nf6 3. Nf3 Nxd5 4. d4 g6 5. Be2 Bg7 6. c4 Nf6 7. Nc3 0-0 8. 0-0 c5 9. d5 a6 10. Be3 Qa5 11. Qa4 Qc7 12. h3 Rd8 13. Rad1 Nbd7 14. Qc2 Ne8 15. Rfe1 Ndf6 16. Qc1 Bd7 17. a4 Qa5 18. b3 Nd6 19. Bd2 Qb6 20. Qa3 Qc7 21. Qc1 b5 22. axb5 axb5 23. cxb5 Qb7 24. Ne5 Bf5 25. Nc6 Re8 26. Bf3 Kf8 27. Bf4 Nxb5 28. Nxb5 Qxb5 29. d6 Ra2 30. dxe7+ Kg8 31. Rd8 Bd7 32. Ne5 Qb6 33. Nxd7 1-0

[Event "Helsinki-ch 2015"]
[Site "Helsinki"]
[Date "2014.12.30"]
[Round "2.6"]
[White "Turtiainen, Tauno"]
[Black "Pasanen, Tuomo Tapio"]
[Result "0-1"]
[WhiteElo "1966"]
[BlackElo "1994"]
[PlyCount "98"]
[EventDate "2014.12.29"]
[EventType "swiss"]
[EventRounds "7"]
[EventCountry "FIN"]
[SourceTitle "EXT 2022"]
[Source "ChessBase"]
[SourceDate "2021.10.06"]
[SourceVersion "1"]
[SourceVersionDate "2021.10.06"]
[SourceQuality "1"]

1. d4 Nf6 2. Nf3 d5 3. g3 b5 4. b3 Nbd7 5. Bg2 Bb7 6. 0-0 e6 7. Bb2 c5 8. Nbd2 c4 9. Ne5 Nxe5 10. dxe5 Ne4 11. Nxe4 dxe4 12. Qxd8+ Rxd8 13. Rfd1 Bc5 14. Rxd8+ Kxd8 15. e3 Ke7 16. Rd1 Rc8 17. Bf1 Bd5 18. Be2 Bb4 19. Bd4 cxb3 20. axb3 a6 21. c4 bxc4 22. bxc4 Bc6 23. Ra1 a5 24. Bd1 Bd7 25. Bb3 Ra8 26. Ba4 Bxa4 27. Rxa4 Ra6 28. Kg2 Rc6 29. c5 Ra6 30. f3 Kd7 31. fxe4 Kc6 32. Ra1 a4 33. Kf3 a3 34. Ke2 Bxc5 35. Rc1 Ra5 36. Kd3 a2 37. Ba1 Kb5 38. Rc2 Ra3+ 39. Rc3 Rxc3+ 40. Bxc3 Ka4 41. Kc4 Bxe3 42. Bb2 Bd2 43. h3 h5 44. g4 hxg4 45. hxg4 g6 46. Ba1 Ka3 47. Kd3 Bf4 48. Kc2 Kb4 49. Kd3 Kb3 0-1

[Event "Helsinki-ch 2014 Group A1"]
[Site "Helsinki"]
[Date "2014.01.02"]
[Round "5"]
[White "Seppanen, Ville"]
[Black "Turtiainen, Tauno"]
[Result "1-0"]
[WhiteElo "1884"]
[BlackElo "1977"]
[PlyCount "111"]
[EventDate "2013.12.29"]
[EventType "tourn"]
[EventRounds "9"]
[EventCountry "FIN"]
[SourceTitle "EXT 2022"]
[Source "ChessBase"]
[SourceDate "2021.10.06"]
[SourceVersion "1"]
[SourceVersionDate "2021.10.06"]
[SourceQuality "1"]

1. e4 c5 2. Nf3 d6 3. d4 cxd4 4. Nxd4 Nf6 5. Nc3 a6 6. Be3 Ng4 7. Bc1 Nf6 8. Be2 e5 9. Nb3 Be6 10. 0-0 Be7 11. f4 exf4 12. Bxf4 Nc6 13. Kh1 0-0 14. Bf3 Ne5 15. Nd5 Rc8 16. Nd4 Re8 17. Nxe6 fxe6 18. Nxe7+ Qxe7 19. Qe2 Qc7 20. c3 Qc4 21. Bxe5 Qxe2 22. Bxe2 dxe5 23. Rad1 Red8 24. Bc4 Kf7 25. Bb3 Ke7 26. Kg1 Rc6 27. Rxd8 Kxd8 28. Rd1+ Ke7 29. Bc2 Ng4 30. Rd3 Nf6 31. Rd1 Ng4 32. Rd2 Rd6 33. Rxd6 Kxd6 34. h3 Nf6 35. Kf2 a5 36. g3 Kc5 37. Ke3 Nh5 38. Kf3 Nf6 39. Bd1 Ne8 40. Ke3 Nf6 41. Kd3 g5 42. b3 b5 43. Bg4 Kd6 44. b4 axb4 45. cxb4 Nd7 46. Be2 Kc6 47. Bd1 Nb8 48. a4 bxa4 49. Bxa4+ Kb6 50. Kc4 h6 51. Bb5 h5 52. h4 gxh4 53. gxh4 Nc6 54. Bxc6 Kxc6 55. b5+ Kb6 56. Kb4 1-0

[Event "Helsinki-ch 2014 Group A1"]
[Site "Helsinki"]
[Date "2013.12.30"]
[Round "2"]
[White "Turtiainen, Tauno"]
[Black "Kokkala, Janne"]
[Result "1/2-1/2"]
[WhiteElo "1977"]
[BlackElo "1880"]
[PlyCount "145"]
[EventDate "2013.12.29"]
[EventType "tourn"]
[EventRounds "9"]
[EventCountry "FIN"]
[SourceTitle "EXT 2022"]
[Source "ChessBase"]
[SourceDate "2021.10.06"]
[SourceVersion "1"]
[SourceVersionDate "2021.10.06"]
[SourceQuality "1"]

1. e4 e5 2. Nf3 Nc6 3. d4 exd4 4. Nxd4 Bc5 5. Nxc6 Qf6 6. Qf3 bxc6 7. Nc3 Qxf3 8. gxf3 Ne7 9. Rg1 g6 10. Bd3 Bd4 11. Bg5 d6 12. Nd1 Be6 13. c3 Bg7 14. f4 f6 15. Bh4 Kf7 16. Ne3 Rhe8 17. a3 Bh6 18. Bg3 d5 19. 0-0-0 dxe4 20. Bxe4 f5 21. Bc2 Rad8 22. h4 Rd6 23. h5 Red8 24. Rh1 Rxd1+ 25. Bxd1 Nd5 26. Bb3 Bxf4 27. hxg6+ Kxg6 28. Bxd5 Bxd5 29. Rg1 Bxg3 30. Rxg3+ Kf6 31. Rh3 Rd7 32. c4 Be6 33. Rh6+ Kf7 34. Rxh7+ Kg6 35. Rxd7 Bxd7 36. Kd2 Kf6 37. f4 Ke6 38. b4 Kd6 39. c5+ Ke6 40. Kd3 Kf6 41. Nc4 Be6 42. Ne5 Bd5 43. Nd7+ Ke7 44. Ne5 Kf6 45. Kc3 Ke6 46. a4 a6 47. Kd4 Ke7 48. b5 axb5 49. axb5 Be4 50. b6 cxb6 51. cxb6 Kd6 52. Nf7+ Kd7 53. Kc5 Bg2 54. Ne5+ Kc8 55. Nxc6 Kb7 56. Na5+ Kb8 57. Nc4 Bf1 58. Nd6 Bd3 59. Kd4 Bc2 60. Ke5 Bd3 61. Kd4 Bc2 62. Ke5 Bd3 63. Nxf5 Kb7 64. Nd6+ Kxb6 65. Ne4 Kc7 66. f5 Kd8 67. f6 Bxe4 68. Kxe4 Ke8 69. Kf5 Kf7 70. Ke5 Kf8 71. Ke6 Ke8 72. f7+ Kf8 73. Kf6 1/2-1/2

[Event "FIN-ch op"]
[Site "Naantali"]
[Date "2013.07.07"]
[Round "9.18"]
[White "Turtiainen, Tauno"]
[Black "Raivio, Erkki"]
[Result "1-0"]
[WhiteElo "1954"]
[BlackElo "1755"]
[PlyCount "58"]
[EventDate "2013.07.01"]
[EventType "swiss"]
[EventRounds "9"]
[EventCountry "FIN"]
[SourceTitle "EXT 2022"]
[Source "ChessBase"]
[SourceDate "2021.10.06"]
[SourceVersion "1"]
[SourceVersionDate "2021.10.06"]
[SourceQuality "1"]

1. e4 d5 2. exd5 Qxd5 3. Nc3 Qd6 4. d4 Nf6 5. g3 c6 6. Nf3 Bg4 7. Bg2 e6 8. 0-0 Be7 9. h3 Bxf3 10. Bxf3 0-0 11. a3 Qd8 12. Ne2 Nbd7 13. c4 Nb6 14. b3 a5 15. Qc2 a4 16. b4 Nbd7 17. Be3 Ne8 18. Nc3 Bg5 19. Bxg5 Qxg5 20. Nxa4 Qf6 21. Bg2 Qxd4 22. Rad1 Qa7 23. Rxd7 Qxa4 24. Qxa4 Rxa4 25. Ra1 c5 26. b5 Rxc4 27. Bxb7 Nf6 28. Rc7 g6 29. b6 Nd5 1-0

[Event "FIN-ch op"]
[Site "Naantali"]
[Date "2013.07.06"]
[Round "8.14"]
[White "Ailasmaa, Kimmo"]
[Black "Turtiainen, Tauno"]
[Result "1-0"]
[WhiteElo "1797"]
[BlackElo "1954"]
[PlyCount "67"]
[EventDate "2013.07.01"]
[EventType "swiss"]
[EventRounds "9"]
[EventCountry "FIN"]
[SourceTitle "EXT 2022"]
[Source "ChessBase"]
[SourceDate "2021.10.06"]
[SourceVersion "1"]
[SourceVersionDate "2021.10.06"]
[SourceQuality "1"]

1. e4 c5 2. Nf3 Nc6 3. d4 cxd4 4. Nxd4 e5 5. Nb5 d6 6. a4 Be6 7. N1c3 a6 8. Na3 Be7 9. Bc4 Nf6 10. Bg5 Rc8 11. Bxf6 Bxf6 12. 0-0 0-0 13. Nd5 Bg5 14. c3 Kh8 15. Kh1 Ne7 16. Qd3 Ng6 17. Rad1 h5 18. Qe2 h4 19. Nc2 Rc6 20. g3 Qc8 21. Qh5+ Bh6 22. Be2 Qd8 23. f4 exf4 24. gxf4 Bxd5 25. exd5 Rc7 26. f5 Ne5 27. f6 Kh7 28. fxg7 Rg8 29. Rg1 Rxg7 30. Rxg7+ Kxg7 31. Rg1+ Ng6 32. Bd3 Qf6 33. Nd4 Bf4 34. Ne6+ 1-0

[Event "FIN-ch op"]
[Site "Naantali"]
[Date "2013.07.04"]
[Round "6"]
[White "Hurme, Harri M"]
[Black "Turtiainen, Tauno"]
[Result "1-0"]
[WhiteElo "2196"]
[BlackElo "1954"]
[PlyCount "49"]
[EventDate "2013.07.01"]
[EventType "swiss"]
[EventRounds "9"]
[EventCountry "FIN"]
[SourceTitle "EXT 2014"]
[Source "ChessBase"]
[SourceDate "2013.11.20"]
[SourceVersion "1"]
[SourceVersionDate "2013.11.20"]
[SourceQuality "1"]

1. d4 Nf6 2. c4 c5 3. d5 b5 4. cxb5 a6 5. bxa6 g6 6. Nc3 Bxa6 7. f4 Bg7 8. Nf3 d6 9. e4 Bxf1 10. Rxf1 Qa5 11. Kf2 0-0 12. Kg1 Nbd7 13. Qe1 Rfb8 14. e5 dxe5 15. fxe5 Ng4 16. e6 Nde5 17. exf7+ Nxf7 18. Qxe7 Ra7 19. Qe6 Bxc3 20. bxc3 Qxc3 21. Bd2 Qc4 22. h3 Nge5 23. Nxe5 Qd4+ 24. Kh1 Qxe5 25. Bf4 1-0

[Event "FIN-ch op"]
[Site "Naantali"]
[Date "2013.07.02"]
[Round "2"]
[White "Torkkola, Henri"]
[Black "Turtiainen, Tauno"]
[Result "1-0"]
[WhiteElo "2117"]
[BlackElo "1954"]
[PlyCount "59"]
[EventDate "2013.07.01"]
[EventType "swiss"]
[EventRounds "9"]
[EventCountry "FIN"]
[SourceTitle "EXT 2014"]
[Source "ChessBase"]
[SourceDate "2013.11.20"]
[SourceVersion "1"]
[SourceVersionDate "2013.11.20"]
[SourceQuality "1"]

1. e4 c5 2. d4 cxd4 3. c3 dxc3 4. Nxc3 Nc6 5. Nf3 d6 6. Bc4 e6 7. 0-0 Be7 8. Qe2 Nf6 9. Rd1 e5 10. Be3 0-0 11. Rac1 Be6 12. Bxe6 fxe6 13. a3 Rc8 14. b4 a6 15. Qa2 Qd7 16. Na4 Nd4 17. Bxd4 Rxc1 18. Rxc1 Qxa4 19. Qxe6+ Kh8 20. Be3 Qe8 21. Bg5 h6 22. Bxf6 Rxf6 23. Rc8 Rxe6 24. Rxe8+ Kh7 25. Kf1 Kg6 26. Ke2 a5 27. bxa5 Kh7 28. h4 g6 29. Rb8 d5 30. exd5 1-0

[Event "Naantali op"]
[Site "Naantali"]
[Date "2012.07.05"]
[Round "6"]
[White "Turtiainen, Tauno"]
[Black "Ailasmaa, Kimmo"]
[Result "1-0"]
[WhiteElo "1975"]
[BlackElo "1798"]
[PlyCount "108"]
[EventDate "2012.07.02"]
[EventType "swiss"]
[EventRounds "9"]
[EventCountry "FIN"]
[SourceTitle "CBM 149 Extra"]
[Source "ChessBase"]
[SourceDate "2012.08.24"]
[SourceVersion "1"]
[SourceVersionDate "2012.08.24"]
[SourceQuality "1"]

1. e4 c5 2. Nf3 d6 3. d4 cxd4 4. Nxd4 Nf6 5. Nc3 a6 6. Bg5 e6 7. f4 Be7 8. Qe2 Nbd7 9. 0-0-0 Qc7 10. g4 b5 11. a3 Bb7 12. Bg2 Rc8 13. Bxf6 gxf6 14. h4 Nb6 15. g5 fxg5 16. hxg5 Nc4 17. g6 fxg6 18. Nxe6 Qa5 19. Na2 b4 20. Rh3 bxa3 21. b3 Qb6 22. f5 Ne5 23. fxg6 Nxg6 24. Ng7+ Kd8 25. Ne6+ Ke8 26. Rc3 Rxc3 27. Nxc3 Qa5 28. Qc4 Bg5+ 29. Kb1 Qe5 30. Nc7+ Ke7 31. Ka2 Bf6 32. N7d5+ Bxd5 33. Nxd5+ Kf8 34. Kxa3 Qb2+ 35. Kb4 Kg7 36. Qc7+ Kh6 37. Nxf6 Qxf6 38. Rxd6 a5+ 39. Ka4 Qg5 40. Bf1 Re8 41. Bd3 Re5 42. Qc3 Rc5 43. Qd4 Rc7 44. e5 Rb7 45. Bb5 Qc1 46. Qh4+ Kg7 47. Qf6+ Kh6 48. Qf8+ Kg5 49. Qf6+ Kh6 50. e6 Qxc2 51. Qa1 Qc5 52. Qh1+ Kg7 53. Qxb7+ Kh6 54. Qh1+ Kg7 1-0

[Event "Naantali op"]
[Site "Naantali"]
[Date "2012.07.03"]
[Round "2"]
[White "Turtiainen, Tauno"]
[Black "Torkkola, Henri"]
[Result "0-1"]
[WhiteElo "1975"]
[BlackElo "2127"]
[PlyCount "74"]
[EventDate "2012.07.02"]
[EventType "swiss"]
[EventRounds "9"]
[EventCountry "FIN"]
[SourceTitle "CBM 149 Extra"]
[Source "ChessBase"]
[SourceDate "2012.08.24"]
[SourceVersion "1"]
[SourceVersionDate "2012.08.24"]
[SourceQuality "1"]

1. e4 c5 2. Nf3 d6 3. d4 cxd4 4. Nxd4 Nf6 5. Nc3 a6 6. g3 e5 7. Nde2 Be6 8. Bg2 Be7 9. a4 Nbd7 10. h3 Rc8 11. g4 h5 12. g5 Nh7 13. h4 Nhf8 14. Ng3 g6 15. Be3 Nb6 16. 0-0 Nc4 17. Bc1 Bg4 18. Qe1 Be6 19. Nd5 Bxd5 20. exd5 Nd7 21. b3 Ncb6 22. c4 Nc5 23. Rb1 Nbd7 24. Qe2 Rb8 25. f4 b5 26. axb5 axb5 27. Be3 bxc4 28. bxc4 exf4 29. Bxf4 0-0 30. Rxb8 Nxb8 31. Re1 Re8 32. Bh3 Qb6 33. Kh2 Nbd7 34. Qf2 Qa6 35. Qe2 Qb6 36. Qf3 Nd3 37. Rxe7 Rxe7 0-1

[Event "Naantali op"]
[Site "Naantali"]
[Date "2011.07.05"]
[Round "2"]
[White "Turtiainen, Tauno"]
[Black "Torkkola, Henri"]
[Result "0-1"]
[WhiteElo "1970"]
[BlackElo "1974"]
[PlyCount "60"]
[EventDate "2011.07.04"]
[EventType "swiss"]
[EventRounds "9"]
[EventCountry "FIN"]
[SourceTitle "CBM 143 Extra"]
[Source "ChessBase"]
[SourceDate "2011.08.29"]
[SourceVersion "1"]
[SourceVersionDate "2011.08.29"]
[SourceQuality "1"]

1. e4 c5 2. Nf3 d6 3. d4 cxd4 4. Nxd4 Nf6 5. Nc3 a6 6. Bg5 e6 7. f4 h6 8. Bxf6 Qxf6 9. Qd2 g5 10. fxg5 hxg5 11. 0-0-0 Nd7 12. Kb1 Ne5 13. Be2 g4 14. Na4 Qd8 15. b3 Bd7 16. Nb2 b5 17. h3 gxh3 18. Rxh3 Rxh3 19. gxh3 Qh4 20. Nf3 Qxe4 21. Nxe5 Qxe5 22. Nd3 Qd4 23. c3 Qe4 24. Rf1 Qg6 25. Qd1 0-0-0 26. Bh5 Qg7 27. Bxf7 Qxc3 28. Qf3 Kb8 29. Rc1 Qd4 30. Bg6 Bg7 0-1

[Event "FIN-chT1A 1011"]
[Site "Finland"]
[Date "2011.03.12"]
[Round "9.1"]
[White "Turtiainen, Tauno"]
[Black "Ahvenjarvi, Jani"]
[Result "0-1"]
[WhiteElo "2039"]
[BlackElo "2076"]
[PlyCount "56"]
[EventDate "2010.09.18"]
[EventType "team-tourn"]
[EventRounds "9"]
[EventCountry "FIN"]
[SourceTitle "EXT 2022"]
[Source "ChessBase"]
[SourceDate "2021.10.06"]
[SourceVersion "1"]
[SourceVersionDate "2021.10.06"]
[SourceQuality "1"]
[WhiteTeam "Helsinki HSK III"]
[BlackTeam "Tampere Tammer II"]
[WhiteTeamCountry "FIN"]
[BlackTeamCountry "FIN"]

1. e4 c5 2. Nf3 d6 3. d4 cxd4 4. Nxd4 Nf6 5. f3 Nc6 6. Nc3 e5 7. Ndb5 a6 8. Na3 b5 9. Nd5 Nxd5 10. exd5 Nd4 11. c4 Rb8 12. Bd3 g6 13. Nc2 bxc4 14. Nxd4 Qh4+ 15. g3 Qxd4 16. Qa4+ Bd7 17. Qxc4 Rb4 18. Qxd4 Rxd4 19. Bxa6 Rxd5 20. Bc4 Rc5 21. b3 d5 22. Be2 Rc2 23. Kd1 Rc7 24. Re1 Bg7 25. Ba3 e4 26. Rc1 Ra7 27. Bc5 Rxa2 28. fxe4 Bh6 0-1

[Event "FIN-chT1A 1011"]
[Site "Finland"]
[Date "2011.01.22"]
[Round "6.3"]
[White "Turtiainen, Tauno"]
[Black "Pietinen, Pekka"]
[Result "1/2-1/2"]
[WhiteElo "2039"]
[BlackElo "1997"]
[PlyCount "124"]
[EventDate "2010.09.18"]
[EventType "team-tourn"]
[EventRounds "9"]
[EventCountry "FIN"]
[SourceTitle "EXT 2022"]
[Source "ChessBase"]
[SourceDate "2021.10.06"]
[SourceVersion "1"]
[SourceVersionDate "2021.10.06"]
[SourceQuality "1"]
[WhiteTeam "Helsinki HSK III"]
[BlackTeam "Helsinki I-HSK II"]
[WhiteTeamCountry "FIN"]
[BlackTeamCountry "FIN"]

1. e4 e5 2. Nf3 Nf6 3. Nc3 d6 4. d4 Nbd7 5. Bc4 Be7 6. dxe5 dxe5 7. Ng5 0-0 8. 0-0 c6 9. a4 h6 10. Nf3 Qc7 11. h3 Bb4 12. Na2 Bd6 13. Qe2 Nb6 14. Bb3 Re8 15. Bd2 Nbd7 16. c4 Nc5 17. Bc2 a5 18. Rad1 Ne6 19. Rfe1 Nd7 20. Be3 Bc5 21. Nc1 Bxe3 22. Qxe3 Ndc5 23. Qc3 Nf4 24. Ne2 Nxe2+ 25. Rxe2 f6 26. Red2 Be6 27. Qe3 b6 28. b3 Rad8 29. Nh4 Rxd2 30. Rxd2 Rd8 31. Nf5 Rxd2 32. Qxd2 Qd7 33. Qxd7 Bxd7 34. Ng3 Kf7 35. Ne2 Ne6 36. Kf1 Ke7 37. Ke1 Kd6 38. Kd2 Nd4 39. Bd1 Nxe2 40. Bxe2 Kc5 41. Kc3 Be8 42. h4 Bg6 43. Bd3 Bh5 44. f3 Be8 45. g3 Bd7 46. h5 Be8 47. g4 g6 48. hxg6 Bxg6 49. Be2 h5 50. gxh5 Bxh5 51. Bd1 Be8 52. Be2 Bd7 53. Bd3 Bh3 54. Be2 f5 55. exf5 Bxf5 56. Bd3 Bd7 57. Bc2 b5 58. cxb5 cxb5 59. axb5 Bxb5 60. Be4 Bf1 61. Bb7 Bh3 62. Be4 Be6 1/2-1/2

[Event "Helsinki We Garde 2nd"]
[Site "Helsinki"]
[Date "2011.??.??"]
[Round "5"]
[White "Koskinen, Veikko"]
[Black "Turtiainen, Tauno"]
[Result "0-1"]
[WhiteElo "1964"]
[BlackElo "2029"]
[PlyCount "52"]
[EventDate "2011.??.??"]
[EventType "swiss"]
[EventRounds "5"]
[EventCountry "FIN"]
[SourceTitle "EXT 2022"]
[Source "ChessBase"]
[SourceDate "2021.10.06"]
[SourceVersion "1"]
[SourceVersionDate "2021.10.06"]
[SourceQuality "1"]

1. e4 c5 2. Nf3 d6 3. d3 Nc6 4. g3 g6 5. Bg2 Bg7 6. 0-0 Bd7 7. Re1 e5 8. c3 Nge7 9. Na3 0-0 10. Nc4 Qc7 11. Ne3 b5 12. Nc2 a5 13. d4 cxd4 14. cxd4 Bg4 15. dxe5 dxe5 16. Ne3 Rad8 17. Qc2 Bxf3 18. Bxf3 Qa7 19. Bg2 Nd4 20. Qc3 Rc8 21. Qa3 Rfd8 22. b4 a4 23. Bb2 Nec6 24. Rac1 Bf8 25. Bc3 Nxb4 26. Bxb4 Rxc1 0-1

[Event "Helsinki-ch 2011 Group M"]
[Site "Helsinki"]
[Date "2011.??.??"]
[Round "8"]
[White "Riipinen, Juha"]
[Black "Turtiainen, Tauno"]
[Result "1-0"]
[WhiteElo "2100"]
[BlackElo "2017"]
[PlyCount "87"]
[EventDate "2010.12.27"]
[EventType "tourn"]
[EventRounds "11"]
[EventCountry "FIN"]
[SourceTitle "EXT 2022"]
[Source "ChessBase"]
[SourceDate "2021.10.06"]
[SourceVersion "1"]
[SourceVersionDate "2021.10.06"]
[SourceQuality "1"]

1. e4 c5 2. Nc3 d6 3. g3 Nc6 4. Bg2 g6 5. Nge2 Bg7 6. 0-0 e6 7. d3 Nge7 8. Be3 0-0 9. Qd2 Re8 10. Nd1 Rb8 11. f4 f5 12. d4 cxd4 13. Nxd4 fxe4 14. Bxe4 d5 15. Bg2 a6 16. c3 e5 17. Nxc6 bxc6 18. fxe5 Bxe5 19. Bg5 Qc7 20. Ne3 Be6 21. Rae1 Bg7 22. Bf4 Qb6 23. Bxb8 Rxb8 24. Kh1 d4 25. cxd4 Bxa2 26. Ng4 Nf5 27. Ne5 Bh6 28. Qc3 Bd5 29. Nxc6 Bxg2+ 30. Kxg2 Qxb2+ 31. Qxb2 Rxb2+ 32. Kh3 Bf8 33. Re8 h5 34. Ne7+ Kf7 35. Rxf8+ Kxe7 36. Rg8 Kf7 37. Rc8 Kg7 38. Rc7+ Kf6 39. Rc6+ Kg5 40. Rxa6 Rd2 41. Rf4 Rd3 42. Re6 Rd2 43. Re5 h4 44. Rxh4 1-0

[Event "Helsinki We Garde 2nd"]
[Site "Helsinki"]
[Date "2011.??.??"]
[Round "1"]
[White "Turtiainen, Tauno"]
[Black "Jarvenpaa, Jari"]
[Result "0-1"]
[WhiteElo "2029"]
[BlackElo "2139"]
[PlyCount "88"]
[EventDate "2011.??.??"]
[EventType "swiss"]
[EventRounds "5"]
[EventCountry "FIN"]
[SourceTitle "EXT 2022"]
[Source "ChessBase"]
[SourceDate "2021.10.06"]
[SourceVersion "1"]
[SourceVersionDate "2021.10.06"]
[SourceQuality "1"]

1. e4 c6 2. d4 d5 3. exd5 cxd5 4. c4 Nf6 5. Nc3 e6 6. c5 Ne4 7. Nf3 Be7 8. Bf4 Qa5 9. Qa4+ Qxa4 10. Nxa4 Bd7 11. Nc3 Nxc3 12. bxc3 b6 13. cxb6 axb6 14. Rb1 Bd8 15. Bd3 Nc6 16. Rb2 f6 17. 0-0 Na5 18. Rc1 0-0 19. c4 Nxc4 20. Bxc4 dxc4 21. Rxc4 b5 22. Rcc2 Be7 23. Rc7 Rfd8 24. Ne1 Ra4 25. Be3 Bd6 26. Rcc2 e5 27. dxe5 Bxe5 28. Rb3 Rda8 29. f4 Bxf4 30. Bxf4 Rxf4 31. Rc7 Rd4 32. a3 Re8 33. Nf3 Rd1+ 34. Kf2 g5 35. Re3 Kf8 36. h3 h5 37. Rxe8+ Kxe8 38. Ke3 Ra1 39. Rc3 Ra2 40. Ne1 Be6 41. Nc2 Kd7 42. h4 gxh4 43. Kf4 Bc4 44. Kf5 Rxc2 0-1